header

Powder technology and application : (Record no. 80971)

MARC details
000 -LEADER
fixed length control field 02278nam a2200433 i 4500
001 - CONTROL NUMBER
control field ebr10814203
003 - CONTROL NUMBER IDENTIFIER
control field CaPaEBR
006 - FIXED-LENGTH DATA ELEMENTS--ADDITIONAL MATERIAL CHARACTERISTICS--GENERAL INFORMATION
fixed length control field m o d
007 - PHYSICAL DESCRIPTION FIXED FIELD--GENERAL INFORMATION
fixed length control field cr cn|||||||||
008 - FIXED-LENGTH DATA ELEMENTS--GENERAL INFORMATION
fixed length control field 090801t20092009sz a ob 101 0 eng|d
020 ## - INTERNATIONAL STANDARD BOOK NUMBER
Cancelled/invalid ISBN 9780878493524 (pbk.)
Cancelled/invalid ISBN 0878493522 (pbk.)
International Standard Book Number 9783038133100 (e-book)
040 ## - CATALOGING SOURCE
Original cataloging agency CaPaEBR
Language of cataloging eng
Description conventions rda
-- pn
Transcribing agency CaPaEBR
035 ## - SYSTEM CONTROL NUMBER
System control number (OCoLC)302415377
050 14 - LIBRARY OF CONGRESS CALL NUMBER
Classification number TP156.P3
Item number I575 2008eb
082 04 - DEWEY DECIMAL CLASSIFICATION NUMBER
Classification number 620.43
111 2# - MAIN ENTRY--MEETING NAME
Meeting name or jurisdiction name as entry element International Forum on Powder Technology & Application,
Relator term issuing body.
245 10 - TITLE STATEMENT
Title Powder technology and application :
Remainder of title selected, peer reviewed papers from International Forum on Powder Technology & Application, Tsinghua University Beijing, 1-2 April 2008 /
Statement of responsibility, etc edited by Guosheng Gai.
264 #1 - PRODUCTION, PUBLICATION, DISTRIBUTION, MANUFACTURE, AND COPYRIGHT NOTICE
Place of production, publication, distribution, manufacture Stafa-Zurich, Switzerland ;
-- Enfield, New Hampshire :
Name of producer, publisher, distributor, manufacturer Trans Tech Publications,
Date of production, publication, distribution, manufacture, or copyright notice [2009]
Date of production, publication, distribution, manufacture, or copyright notice �2009
300 ## - PHYSICAL DESCRIPTION
Extent 1 online resource (236 pages) :
Other physical details illustrations.
336 ## - CONTENT TYPE
Content type term text
Source rdacontent
337 ## - MEDIA TYPE
Media type term computer
Source rdamedia
338 ## - CARRIER TYPE
Carrier type term online resource
Source rdacarrier
490 1# - SERIES STATEMENT
Series statement Advanced materials research,
International Standard Serial Number 1022-6680 ;
Volume number/sequential designation volume 58
504 ## - BIBLIOGRAPHY, ETC. NOTE
Bibliography, etc Includes bibliographical references and indexes.
588 ## - SOURCE OF DESCRIPTION NOTE
Source of description note Description based on print version record.
590 ## - LOCAL NOTE (RLIN)
Local note Electronic reproduction. Palo Alto, Calif. : ebrary, 2013. Available via World Wide Web. Access may be limited to ebrary affiliated libraries.
650 #0 - SUBJECT ADDED ENTRY--TOPICAL TERM
Topical term or geographic name as entry element Powders
Form subdivision Congresses.
Topical term or geographic name as entry element Powder metallurgy
Form subdivision Congresses.
Topical term or geographic name as entry element Nanoparticles
Form subdivision Congresses.
655 #0 - INDEX TERM--GENRE/FORM
Genre/form data or focus term Electronic books.
700 1# - ADDED ENTRY--PERSONAL NAME
Personal name Gai, Guosheng.
776 08 - ADDITIONAL PHYSICAL FORM ENTRY
Display text Print version:
Main entry heading International Forum on Powder Technology & Application.
Title Powder technology and application : selected, peer reviewed papers from International Forum on Powder Technology & Application, Tsinghua University Beijing, 1-2 April 2008.
Place, publisher, and date of publication Stafa-Zurich, Switzerland : Trans Tech Publications, [2009]
Physical description viii, 234 pages ; 25 cm.
Series data for related item Advanced materials research ; v. 58
International Standard Serial Number 1022-6680 ;
International Standard Book Number 9780878493524
Record control number (OCoLC)ocn297797589
-- (DLC)10814203
797 2# - LOCAL ADDED ENTRY--CORPORATE NAME (RLIN)
Corporate name or jurisdiction name as entry element ebrary.
830 #0 - SERIES ADDED ENTRY--UNIFORM TITLE
Uniform title Advanced materials research ;
Volume number/sequential designation v. 58.
856 40 - ELECTRONIC LOCATION AND ACCESS
Uniform Resource Identifier <a href="http://site.ebrary.com/lib/rucke/Doc?id=10814203">http://site.ebrary.com/lib/rucke/Doc?id=10814203</a>
Public note An electronic book accessible through the World Wide Web; click to view

No items available.

© 2026 Rongo University
Contact us: librarian | system librarian | Rongo university